Statistics for Greek Gods & Goddesses

Click here to take the quiz!

General Stats

  • This quiz has been taken 294 times
  • The average score is 9 of 15

Answer Stats

QuestionAnswer% Correct
King of all Godszeus
99%
Wife of Zeushera
95%
God of waterposeidon
92%
Goddess of wisdom and battle strategyathena
91%
God of warares
90%
Goddess of love and beautyaphrodite
89%
Messenger of the godshermes
86%
Goddess of the hearthhestia
70%
Goddess of fertilitydemeter
67%
God and goddess of the underworldhades and persephone
63%
Brother and sisterapollo and artemis
46%
Goddess of nightmares and birdshecate
9%
Zeus's daughterpandora
6%
God of wine and musicdionysius
3%
God of fire and the forgehepaestus
2%

Score Distribution

Percentile by Number Answered

Percent of People with Each Score

Your Score History

You have not taken this quiz